Albums et chansons - Linkin Park - Statistiques

Statistiques générales
  • Ce quiz a été pris 127 fois
  • Le résultat moyen est 33 sur 107
Statistiques - réponses
Réponse % Correct
Numb
89%
In the End
85%
Meteora
84%
Hybrid Theory
80%
From Zero
76%
From Zero
76%
One More Light
68%
One More Light
68%
Papercut
68%
Faint
66%
Heavy
66%
One Step Closer
65%
Crawling
63%
The Emptiness Machine
63%
Breaking the Habit
62%
Somewhere I Belong
61%
What I've Done
59%
Bleed It Out
57%
Given Up
57%
Heavy Is the Crown
56%
Minutes to Midnight
53%
Castle of Glass
52%
Living Things
49%
Don't stay
47%
The Hunting Party
47%
Burn It Down
46%
Figure 09
42%
From The Inside
41%
A Place for My Head
39%
With You
39%
A Thousand Suns
38%
Points of Authority
38%
Lying from You
37%
Session
37%
The Catalyst
37%
My December
34%
Shadow of the Day
33%
Runaway
32%
Easier to Run
30%
Leave Out All the Rest
30%
Lost in the Echo
30%
New Divide
30%
Final Masquerade
29%
Hit the Floor
29%
By Myself
28%
Cut the Bridge
28%
Forgotten
28%
Nobody's Listening
28%
Valentine's Day
28%
Foreword
27%
Over Each Other
27%
Overflow
27%
Stained
27%
Waiting for the End
27%
Good Things Go
25%
Pushing Me Away
25%
Casualty
24%
Cure for the Itch
24%
IGYEIH
24%
No More Sorrow
24%
In My Remains
23%
Good Goodbye
22%
High Voltage
22%
In Pieces
22%
Iridescent
22%
Robot Boy
22%
Roads Untraveled
20%
The Messenger
20%
I'll Be Gone
19%
Victimized
19%
Battle Symphony
18%
Powerless
18%
War
18%
Blackout
16%
Guilty All the Same
16%
Until It's Gone
16%
In Between
15%
Invisible
15%
Rebellion
15%
The Little Things Give You Away
15%
Wake
15%
Nobody Can Save Me
14%
Sharp Edges
14%
Talking to Myself
14%
A Line in the Sand
13%
Burning in the Skie
13%
The Radiance
11%
Wasteland
11%
When They Come For Me
11%
Drawbar
10%
Hands Held High
10%
Jornada del Muerto
10%
The Requiem
10%
Tinfoil
10%
Lies Greed Misery
9%
Sorry for Now
9%
Halfway Righ
8%
Keys to the Kingdom
8%
Wisdom, Justice, And Love
8%
All for Nothing
6%
Skin To Bone
6%
Until It Breaks
6%
Wretches and Kings
5%
Empty Spaces
4%
Fallout
4%
Mark the Graves
4%
The Summoning
4%
Aucun quiz correspondant
Distribution des résultats
% des personnes avec chaque résultat
Percentile par nombre de réponses
Votre historique - résultats
Vous n’avez pas pris ce quiz